Recuperar la salvación: para una interpretación liberadora de la experiencia cristiana
Salvato in:
| Autore principale: | |
|---|---|
| Natura: | Libro |
| Lingua: | spagnolo |
| Pubblicazione: |
Maliaño
Sal Terrae
1995
|
| Edizione: | 2a. ed |
| Serie: | Presencia Teológica, 79
|
| Soggetti: | |
| Tags: |
Aggiungi Tag
Nessun Tag, puoi essere il primo ad aggiungerne!!
|
MARC
| LEADER | 00000cam a2200000 a 4500 | ||
|---|---|---|---|
| 001 | UCE7007 | ||
| 003 | CL-VaPUC | ||
| 008 | 150520e19950000sp |||||||||||||||||spa|d | ||
| 020 | |a 8429311408 | ||
| 082 | 0 | 4 | |a 230.01 |b TOR |2 21 |
| 100 | 0 | |a Torres Queiruga, Andrés |e author |9 579725 | |
| 245 | 1 | 0 | |a Recuperar la salvación: para una interpretación liberadora de la experiencia cristiana |
| 250 | |a 2a. ed | ||
| 300 | |a 232 p | ||
| 942 | |c BK | ||
| 945 | |d 20150520 16:51:00 |a cmena | ||
| 260 | |a Maliaño |b Sal Terrae |c 1995 | ||
| 650 | 0 | |a Cristianismo |9 257361 | |
| 650 | 0 | |a Teología cristiana |9 308336 | |
| 650 | 0 | |a Filosofía cristiana |9 265980 | |
| 583 | |a last modification |c 20150520 16:51:00 |k Rodrigo Vera | ||
| 490 | 0 | |a Presencia Teológica, 79 | |
| 999 | |c 359153 |d 359151 | ||
| 952 | |0 0 |1 0 |3 erb |4 0 |6 230_010000000000000_TOR_1995 |7 0 |8 A |9 468221 |a BIBTEO |b BIBTEO |e Casale Rolle, Carlos Ignacio, -2014 |i 5182077 |o 230.01 TOR 1995 |p 5182077 |r 2025-01-17 |w 2019-11-23 |y BK |z Catalogado en:20150520 |k ICR | ||